LEADER 01195nam a2200289 i 4500 001 991001177469707536 005 20020507112303.0 008 970308s1974 uk ||| | eng 035 $ab10184442-39ule_inst 035 $aLE00643410$9ExL 040 $aDip.to Fisica$bita 084 $a53(082.2) 084 $a53.3.5 084 $a536.57 111 2 $aSchool for young high energy physicists$d<1973>$0463473 245 10$aProceedings of the 1973 School for young high energy physicists :$bRutherford Laboratory, July 15-27, 1973 /$cH. Muirhead (ed.) 260 $aChilton :$bRutherford High Energy Laboratory,$c1974 300 $a1 v. (paginaz. seriale) ;$c29 cm. 650 4$aHigh energy physics 700 1 $aMuirhead, Hugh$eauthor$4http://id.loc.gov/vocabulary/relators/aut$0463059 710 2 $aRutherford Laboratory 907 $a.b10184442$b21-09-06$c27-06-02 912 $a991001177469707536 945 $aLE006 53.3(042+082.2) RUT$g1$i2006000047647$lle006$o-$pE0.00$q-$rl$s- $t0$u0$v0$w0$x0$y.i10226497$z27-06-02 996 $aProceedings of the 1973 School for young high energy physicists$91445017 997 $aUNISALENTO 998 $ale006$b01-01-97$cm$da $e-$feng$guk $h0$i1 LEADER 02325oam 2200493z- 450 001 9910153356703321 005 20170513201739 010 $a9782336394626 010 $a2336394626 010 $a9782336744735 010 $a2336744732 035 $a(CKB)3810000000044008 035 $a(VLeBooks)9782336744735 035 $a(FR-PaCSA)88839886 035 $a(FRCYB88839886)88839886 035 $a(EXLCZ)993810000000044008 100 $a20260304d2015 u| | 101 0 $afre 135 $aurun| ||||| 181 $ctxt$2rdacontent 182 $cc$2rdamedia 183 $acr$2rdacarrier 200 10$aAccompagner le développement international$eDémarche, instruments et outils$fNoël, Guy 210 1$aParis, France$cL'Harmattan$d2015 215 $a1 online resource (620 p.) 311 08$a9782343075976 311 08$a2343075972 330 $aComment concevoir le changement dans le cadre d'un projet de developpement international ? Quel est l'impact de la culture dans la dynamique entre un conseiller et les interlocuteurs nationaux avec lesquels il collabore ? Quelles competences un conseiller a long terme doit-il mettre en A uvre dans son mandat ? Comment operationnaliser une demarche d'accompagnement ? Quels sont les instruments et outils les plus pertinents a utiliser au cours des cinq phases de la realisation d'un projet de developpement international (DI) ? C'est a ces questions que cet ouvrage entend repondre. 606 $aChangement organisationnel$xGuides pratiques et me?mentos 606 $aPlanification strate?gique$xGuides pratiques et me?mentos 606 $aProjet d'entreprise$xGuides pratiques et me?mentos 606 $aBUSINESS & ECONOMICS / General$2bisacsh 606 $aSOCIAL SCIENCE / Developing & Emerging Countries$2bisacsh 615 4$aChangement organisationnel$xGuides pratiques et me?mentos 615 4$aPlanification strate?gique$xGuides pratiques et me?mentos 615 4$aProjet d'entreprise$xGuides pratiques et me?mentos 615 7$aBUSINESS & ECONOMICS / General 615 7$aSOCIAL SCIENCE / Developing & Emerging Countries 700 $aNoël$b Guy$01797497 801 0$bFR-PaCSA 906 $aBOOK 912 $a9910153356703321 996 $aAccompagner le développement international$94339776 997 $aUNINA